Немецко-русский геологический словарь: учебное пособие

Λεπτομέρειες βιβλιογραφικής εγγραφής
Κύριος συγγραφέας: Ратнер Л. С. Людвига Семеновна
Συγγραφή απο Οργανισμό/Αρχή: Национальный исследовательский Томский политехнический университет (ТПУ)
Άλλοι συγγραφείς: Барышникова О. Г. Ольга Григорьевна
Περίληψη:Пособие содержит более 7000 терминов, отобранных из учебников, словарей, справочной и периодической оригинальной немецкой литературы. Также включены новые термины и терминологические сочетания, отражающие развитие геологической науки. Особое внимание уделено узкоспециальной научно-технической терминологии. Предназначено для студентов и магистрантов ИПР всех направлений, а также для использования при изучении профессионального немецкого языка студентами-геологами всех направлений.
Γλώσσα:Ρωσικά
Γερμανικά
Έκδοση: Томск, Изд-во ТПУ, 2011
Θέματα:
Μορφή: Βιβλίο
KOHA link:https://koha.lib.tpu.ru/cgi-bin/koha/opac-detail.pl?biblionumber=211678

MARC

LEADER 00000nam0a2200000 4500
001 211678
005 20231101225711.0
035 |a (RuTPU)RU\TPU\book\231248 
090 |a 211678 
100 |a 20120316d2011 m y0rusy50 ca 
101 0 |a rus  |a ger 
102 |a RU 
105 |a y ej 001zy 
200 1 |a Немецко-русский геологический словарь  |e учебное пособие  |f Л. С. Ратнер, О. Г. Барышникова  |g Национальный исследовательский Томский политехнический университет (ТПУ) 
210 |a Томск  |c Изд-во ТПУ  |d 2011 
215 |a 192 с. 
320 |a Библиогр.: с. 192. 
330 |a Пособие содержит более 7000 терминов, отобранных из учебников, словарей, справочной и периодической оригинальной немецкой литературы. Также включены новые термины и терминологические сочетания, отражающие развитие геологической науки. Особое внимание уделено узкоспециальной научно-технической терминологии. Предназначено для студентов и магистрантов ИПР всех направлений, а также для использования при изучении профессионального немецкого языка студентами-геологами всех направлений. 
606 1 |a Немецкий язык  |x Терминологические словари  |2 stltpush  |3 (RuTPU)RU\TPU\subj\45383  |9 64626 
610 1 |a геология 
610 1 |a немецко-русские словари 
610 1 |a профессиональный немецкий язык 
610 1 |a геологические термины 
610 1 |a геологические понятия 
610 1 |a труды учёных ТПУ 
686 |a Ш143.24-43  |v LBC/SL-A  |2 rubbk 
700 1 |a Ратнер  |b Л. С.  |c лингвист  |c доцент Томского политехнического университета  |g Людвига Семеновна  |2 stltpush  |3 (RuTPU)RU\TPU\pers\26723 
701 1 |a Барышникова  |b О. Г.  |c лингвист  |c преподаватель Томского политехнического университета  |g Ольга Григорьевна  |2 stltpush  |3 (RuTPU)RU\TPU\pers\29383 
712 0 2 |a Национальный исследовательский Томский политехнический университет (ТПУ)  |c (2009- )  |2 stltpush  |3 (RuTPU)RU\TPU\col\15902 
801 1 |a RU  |b 63413507  |c 20120316 
801 2 |a RU  |b 63413507  |c 20160721  |g RCR 
942 |c BK